• 首页
  • 本馆介绍
  • 公告通知
  • 最新文献
  • 馆藏检索
  • 电子资源
  • 读者导购
  • 参考咨询
  • 我的图书馆
  • 登录
  • 详细信息显示
  • 放入我的书架
  • 预约/预借图书
  • 作者相关作品
  • 分类相关作品
  • 丛书相关作品
  • 出版社相关作品

书目信息

  • 表格格式
  • 工作单格式
  • 卡片格式
题名:
绘画心理学
    
 
作者: 一沙 著
分册:  
出版信息: 北京   企业管理出版社  2014.7
页数: 238页
开本: 23cm
丛书名: 兴盛乐文库
单 册:
中图分类: J20-05
科图分类:
主题词: 绘画心理学--hui hua xin li xue--通俗读物 , 通俗读物--tong su du wu
电子资源:
ISBN: 978-7-5164-0846-9
000 01022nam0 22002771 450
001 1759763660
005 20170603153335.0
010    @a978-7-5164-0846-9@dCNY32.80
100    @a20151125d2014 em y0chiy0110 ea
101 0  @achi
102    @aCN@b110000
105    @aa z 000yy
106    @ar
200 1  @a绘画心理学@Ahui hua xin li xue@e一张画就能发现潜伏在身体里的另一个你@f一沙著
210    @a北京@c企业管理出版社@d2014.7
215    @a238页@c图@d23cm
225 2  @a兴盛乐文库@Axing sheng le wen ku
330    @a本书围绕房树人及部分色彩心理学的原理展开,重点讲述房树人这种方法的普及与应用。作者阐述了一些绘画心理学在儿童世界的运用法则。
461  0 @12001@a兴盛乐文库
517 1  @a一张画就能发现潜伏在身体里的另一个你@Ayi zhang hua jiu neng fa xian qian fu zai shen ti li de ling yi ge ni
606 0  @a绘画心理学@Ahui hua xin li xue@j通俗读物
606 0  @a通俗读物@Atong su du wu
690    @aJ20-05@v5
701  0 @a一沙@Ayi sha@4著
801  0 @aCN@bTANGWEI@c20170517
905    @b1007214-9@dJ20-05@e810@f6
    
    绘画心理学:一张画就能发现潜伏在身体里的另一个你/一沙著.-北京:企业管理出版社,2014.7
    238页:图;23cm.-(兴盛乐文库)
    
    
    ISBN 978-7-5164-0846-9:CNY32.80
    本书围绕房树人及部分色彩心理学的原理展开,重点讲述房树人这种方法的普及与应用。作者阐述了一些绘画心理学在儿童世界的运用法则。
●
相关链接 在E读中查询图书 在五车中查询图书 在当当中查询图书 在豆瓣中查询图书


正题名:绘画心理学     索取号:J20-05/810         预约/预借

序号 登录号 条形码 馆藏地/架位号 状态 备注
1 1007214   210072142   第一样本阅览室/ [索取号:J20-05/810] 在馆    
2 1007215   210072151   教育系资料室/ [索取号:J20-05/810] 在馆    
3 1007216   210072160   教育系资料室/ [索取号:J20-05/810] 在馆    
4 1007217   210072179   教育系资料室/ [索取号:J20-05/810] 在馆    
5 1007218   210072188   第一借阅区/ [索取号:J20-05/810] 在馆    
6 1007219   210072197   第一借阅区/ [索取号:J20-05/810] 在馆    
唐山师范学院图书馆 欢迎您!
大连网信软件有限公司© 版权所有